Veo en ti la luz. Enredados - Estadísticas

Estadísticas generales
  • Esta prueba ha sido intentada 13 veces
  • La puntuación promedio es 119 de 167
Estadísticas de respuestas
Respuesta % Correcto
a
100%
aquel,
90%
distancia
90%
el
90%
en
90%
es
90%
Es
90%
la
90%
luz
90%
ti
90%
Tiempo
90%
Veo
90%
viendo
90%
Y
90%
al
80%
Esta
80%
está
80%
estar
80%
fin
80%
lo
80%
real
80%
Se
80%
así
70%
azul
70%
cielo
70%
donde
70%
encuentro
70%
las
70%
no
70%
que
70%
Que
70%
ya
70%
Ya
70%
Ahora
60%
aquella
60%
Ella
60%
estrella
60%
estrellas
60%
fue
60%
hoy
60%
me
60%
niebla
60%
puedo
60%
quiero
60%
realidad
60%
todo
60%
ver
60%
vida
60%
aclaró
50%
aquí,
50%
aquí
50%
brillando
50%
claridad
50%
cómo
50%
como
50%
interior
50%
oscuridad
50%
perdí
50%
Si
50%
visto
50%
cambió
40%
debo
40%
diferente
40%
entera
40%
había
40%
imaginaba
40%
luce
40%
un
40%
vez
40%
Desde
30%
fácil
20%
persiguiendo
20%
sueño
20%
No se encontraron pruebas coincidentes
Distribución de puntuación
Porcentaje de gente con cada puntuación
Porcentaje por número respondido
Historial de tus puntuaciones
No has intentado esta prueba.